ARRUPE JESUIT UNIVERSITY

CORONAVIRUS -STOP THE SPREAD - CLEAN,DISINFECT,COVER

Suppression et rétablissement de la Compagnie de Jésus (1773-1814) / (Record no. 127316)

MARC details
000 -LEADER
fixed length control field 01269cam a2200337 i 4500
001 - CONTROL NUMBER
control field 18493135
003 - CONTROL NUMBER IDENTIFIER
control field ARRUPE
005 - DATE AND TIME OF LATEST TRANSACTION
control field 20180110121550.0
008 - FIXED-LENGTH DATA ELEMENTS--GENERAL INFORMATION
fixed length control field 150210s2014 be b 001 0 fre
010 ## - LIBRARY OF CONGRESS CONTROL NUMBER
LC control number 2015454972
020 ## - INTERNATIONAL STANDARD BOOK NUMBER
International Standard Book Number 9782872992546
020 ## - INTERNATIONAL STANDARD BOOK NUMBER
International Standard Book Number 2872992545
040 ## - CATALOGING SOURCE
Original cataloging agency DLC
Language of cataloging eng
Description conventions rda
Transcribing agency DLC
042 ## - AUTHENTICATION CODE
Authentication code pcc
050 00 - LIBRARY OF CONGRESS CALL NUMBER
Classification number BX3706.3.
Item number F123
300 ## - PHYSICAL DESCRIPTION
Dimensions 19 cm.
100 1# - MAIN ENTRY--PERSONAL NAME
Personal name Fabre, Pierre-Antoine,
Dates associated with a name 1957-
Relator term author.
9 (RLIN) 38312
245 10 - TITLE STATEMENT
Title Suppression et rétablissement de la Compagnie de Jésus (1773-1814) /
Statement of responsibility, etc Pierre-Antoine Fabre, Patrick Goujon.
260 ## - PUBLICATION, DISTRIBUTION, ETC. (IMPRINT)
Place of publication, distribution, etc Paris
Name of publisher, distributor, etc Lessius
Date of publication, distribution, etc 2014
300 ## - PHYSICAL DESCRIPTION
Extent 150p. ;
490 0# - SERIES STATEMENT
Series statement Petite bibliothèque jésuite
504 ## - BIBLIOGRAPHY, ETC. NOTE
Bibliography, etc Includes bibliographical references (pages 149-150) and index.
610 20 - SUBJECT ADDED ENTRY--CORPORATE NAME
Corporate name or jurisdiction name as entry element Jesuits
General subdivision History
-- Suppression
Chronological subdivision 1773-1814
9 (RLIN) 38313
700 1# - ADDED ENTRY--PERSONAL NAME
Personal name Goujon, Patrick,
Dates associated with a name 1969-
Relator term author.
9 (RLIN) 38314
906 ## - LOCAL DATA ELEMENT F, LDF (RLIN)
a 7
b cbc
c origres
d 3
e ncip
f 20
g y-gencatlg
942 ## - ADDED ENTRY ELEMENTS (KOHA)
Source of classification or shelving scheme Library of Congress Classification
Koha item type Monograph ( Printed materials)
Holdings
Withdrawn status Lost status Source of classification or shelving scheme Damaged status Not for loan Collection code Home library Current library Shelving location Date acquired Total Checkouts Full call number Barcode Date last seen Price effective from Koha item type
    Library of Congress Classification     Main Collection ARRUPE LIBRARY ARRUPE LIBRARY Main Collection 10/01/2018   BX3706.3. F123 46600000288 10/01/2018 10/01/2018 Monograph ( Printed materials)

 

Arrupe Library. PO Box MP320 Mt Pleasant, Harare, Zimbabwe
263 242 745411|librarian@aju.ac.zw